Leijonien MM1995 kokoonpano - Statistics

Yleistilastot
  • Tätä visaa on pelattu 44 kertaa
  • Keskiarvotulos 14 / 23
Vastaustilastot
Paikka Numero Pelaaja % Oikein
H 11 Saku Koivu
97%
P 5 Timo Jutila
94%
H 16 Ville Peltonen
90%
MV 35 Jarmo Myllys
84%
H 20 Jere Lehtinen
77%
MV 30 Jukka Tammi
77%
H 14 Raimo Helminen
71%
H 40 Mika Nieminen
61%
P 6 Janne Niinimaa
58%
H 8 Janne Ojanen
55%
P 26 Mika Strömberg
55%
P 3 Petteri Nummelin
55%
H 52 Raimo Summanen
55%
P 2 Marko Kiprusoff
52%
H 24 Sami Kapanen
52%
H 15 Antti Törmänen
48%
MV 31 Ari Sulander
48%
P 4 Erik Hämäläinen
48%
P 23 Hannu Virta
48%
H 27 Tero Lehterä
45%
H 9 Esa Keskinen
42%
H 13 Marko Palo
35%
H 21 Juha Ylönen
32%
Ehtoja vastaavia visoja ei löytynyt
Tulosjakauma
Jokaisen tuloksen saaneiden osuus
Persentiili vastausten määrän mukaan
Tuloshistoriasi
Et ole pelannut tätä visaa